000 00689nam a2200205 a 4500
001 000009526
005 20240412074211.0
008 090930t1987 dr a 001 p spa d
040 _aDO-SdBNP
_bspa
_cBNPHU
082 _aRD861.44
_bA243r
100 1 _aAdrover de Cibrán, Belkiss
_924349
245 1 0 _aRenacer :
_bpoesías /
_cBelkiss Adrover de Cibrán.
260 _aSanto Domingo :
_bCorripio,
_c1987.
300 _a145 p. :
_bil. ;
_c23 cm.
500 _aIncluye datos biográficos de la autora en la solapa de la cubierta.
590 _aInventariado, 2018/VM
650 0 _aPoesía dominicana
_966
650 0 _aLiteratura dominicana.
_967
910 _aValidado. Control de calidad EMS.
999 _c9286
_d9286